ADÉLA - Paroles SUPERSCAR - Statistiques

Statistiques générales
  • Ce quiz a été pris 4 fois
  • Le résultat moyen est 263 sur 405
Statistiques - réponses
Hint Réponse % Correct
a
100%
I
100%
me
100%
me,
100%
scar
100%
Super
100%
and
75%
And
75%
I'll
75%
it
75%
it,
75%
like
75%
Like
75%
make
75%
my
75%
My
75%
Oh
75%
oh
75%
Oh,
75%
oh,
75%
Post-refrain (Oh
75%
oh)
75%
Pré-refrain Ooh
75%
ooh
75%
Pull
75%
strings
75%
the
75%
they
75%
to
75%
uh
75%
woah
75%
woah,
75%
woah)
75%
you
75%
You
75%
All
50%
all
50%
bad
50%
bar
50%
Bite
50%
body
50%
body,
50%
Bring
50%
bring
50%
cause
50%
come
50%
count
50%
Cut
50%
Dancin'
50%
devil
50%
dirty
50%
door
50%
drop
50%
'em
50%
'em,
50%
energy
50%
fantasy
50%
far
50%
flaunt
50%
for
50%
found
50%
from
50%
girl,
50%
go
50%
got
50%
hands,
50%
heart
50%
how
50%
i-identity
50%
just
50%
Kid,
50%
Couplet 2 Knock,
50%
knock
50%
know
50%
lips
50%
lucky
50%
Lucky,
50%
Maybe
50%
myself
50%
need
50%
need,
50%
of
50%
on
50%
on,
50%
On
50%
past
50%
piece
50%
pose,
50%
Pretty
50%
Prove
50%
Push
50%
Put
50%
right
50%
'round
50%
scene
50%
Sell
50%
sex
50%
should
50%
show
50%
Bridge Shut
50%
sing
50%
so
50%
So
50%
soul
50%
speak
50%
Stick
50%
stiletto
50%
Stop,
50%
strategy
50%
take
50%
Couplet 1 Tap,
50%
tap
50%
Tell
50%
these
50%
Refrain Tie
50%
tongue
50%
touch
50%
up
50%
wallet
50%
wanna
50%
weak
50%
What
50%
your
50%
attitude
25%
Calculate
25%
energy
25%
monetary
25%
(No)
25%
Sold
25%
woah,
25%
Aucun quiz correspondant
Distribution des résultats
% des personnes avec chaque résultat
Percentile par nombre de réponses
Votre historique - résultats
Vous n’avez pas pris ce quiz